TB. OF BIOCHEMISTRY FOR MEDICAL STUDENTS (Record no. 35072)

MARC details
000 -LEADER
fixed length control field 00384nam a22001697a 4500
003 - CONTROL NUMBER IDENTIFIER
control field SGT
020 ## - INTERNATIONAL STANDARD BOOK NUMBER
International Standard Book Number 9789366160559
082 ## - DEWEY DECIMAL CLASSIFICATION NUMBER
Classification number 612.015
Item number B26V
100 ## - MAIN ENTRY--PERSONAL NAME
Personal name VASUDEVAN, DM.
245 ## - TITLE STATEMENT
Title TB. OF BIOCHEMISTRY FOR MEDICAL STUDENTS
250 ## - EDITION STATEMENT
Edition statement 11TH
260 ## - PUBLICATION, DISTRIBUTION, ETC. (IMPRINT)
Place of publication, distribution, etc INDIA
Name of publisher, distributor, etc JAYPEE PUB
Year of Publication 2026
300 ## - PAGE DESCRIPTION
No. of Pages 800
650 ## - SUBJECT ADDED ENTRY--TOPICAL TERM
Topical term or geographic name as entry element BIOCHEMISTRY
942 ## - ADDED ENTRY ELEMENTS (KOHA)
Source of classification or shelving scheme Dewey Decimal Classification
Koha item type Books
Holdings
Withdrawn status Lost status Source of classification or shelving scheme Damaged status Not for loan Collection code Home library Current library Shelving location Date acquired Vendor Name Cost, normal purchase price SGTU Bill Number Total Checkouts Full call number Accession No. (Barcode) Date last seen Bill Date Koha item type
    Dewey Decimal Classification   Not For Loan MEDICAL SGT Medical Library SGT Medical Library Reference Book 01/06/2026 ABC DELHI 1850.00 SGTU 23076   612.015 B26V FM16411 04/07/2026 01/06/2026 Books
    Dewey Decimal Classification     MEDICAL SGT Medical Library SGT Medical Library Text Book 01/06/2026 ABC DELHI 1850.00 SGTU 23076   612.015 B26V FM16412 04/07/2026 01/06/2026 Books
    Dewey Decimal Classification     MEDICAL SGT Medical Library SGT Medical Library Text Book 01/06/2026 ABC DELHI 1850.00 SGTU 23076   612.015 B26V FM16413 04/07/2026 01/06/2026 Books
    Dewey Decimal Classification     MEDICAL SGT Medical Library SGT Medical Library Text Book 01/06/2026 ABC DELHI 1850.00 SGTU 23076   612.015 B26V FM16414 04/07/2026 01/06/2026 Books
    Dewey Decimal Classification     MEDICAL SGT Medical Library SGT Medical Library Text Book 01/06/2026 ABC DELHI 1850.00 SGTU 23076   612.015 B26V FM16415 04/07/2026 01/06/2026 Books